00918nam a2200181Ia 4500003000900000005001700009008004100026040001300067040001300080041000800093100002100101245009800122250001200220260006200232300002000294500020000314520022200514IT-RoPAU20220918175719.0120407s9999 xx 000 0 und d aIT-RoPAU cIT-RoPAU aita aMarave, Lydia G. aIndici delle prediche alle Suore Pastorelle di don Giacomo Alberioneb(voll. I-IX: 1938-1969) a1° ed. aRomabCasa Generalizia-Suore di Gesù buon Pastorec1982 a158 p.c16,5 cm aIndici delle citazioni bibliche, dei nomi, dei concetti, della cronologia e dei titoli di "Alla sorgente" e delle "Prediche alle suore Pastorelle di don Giacomo Alberione", voll. I-IX: 1938-1969. aINDICE INTRODUZIONE; PARTE PRIMA: Bibliografia descrittiva e analitica dei libri; PARTE SECONDA: I.Indice delle citazioni bibliche; II.Indice dei nomi; III.Indice analitico; IV.Indice cronologico; V.Indice dei titoli.